| 000 | 01306cam a22002054a 4500 | ||
|---|---|---|---|
| 005 | 20250605164051.0 | ||
| 008 | 250528s ||||||||||||||||||||||||d | ||
| 035 | _a17300 | ||
| 020 | _a471945102 | ||
| 040 |
_aGR-AtMCL _bgre _dGR-AtMCL _eAACR2 |
||
| 245 | 1 | _aProgress in Tourism, Recreation and Hospitality Management / Volume Two | |
| 250 | _a1st | ||
| 260 |
_bJohn Wiley & Sons, _c1990 |
||
| 300 | _a246 | ||
| 520 | _aEditorial Preface, Conceptual Issues in the Meaning of Tourism, A Review of Tourism Expenditure Research, Geography and Tourism: A Review of Selected Literature - 1985-1988, Tourism and Economic Development and the Role of Entrepreneurial Activity, Marketing in National Tourist Offices, Bermuda: The Role of Tourism Research, Tourism in China: Is the Honeymoon Over?, Statistical Trends in Tourism and Hotel Accommodation up to 1988, Marketing of the Service Process: State of the Art in Tourism and Recreation and Hospitality Industries, Managers in Hospitality: A Review of Current Research, Restaurant and Marketing, Developments within the Catering Equipment Industry in Great Britain, Hygiene and Hazard Analysis in Food Service, Technological Aspects of Commercial Food Service. | ||
| 700 | 1 |
_aCooper C.P _93457 |
|
| 942 | _cBK | ||
| 999 |
_c2728 _d2728 |
||